| 000 | 00425cam a22001217a 4500 | ||
|---|---|---|---|
| 008 | 180718b1978 xxu||||| |||| 00| 0 eng d | ||
| 082 | _aA81x54 In2/71/19/PT5A | ||
| 100 | _aCensus of India 1971 | ||
| 245 | _aTamil Nadu: special tables on scheduled castes and scheduled tribes | ||
| 260 |
_aNew Delhi _bThe Controller of Publications _c1978 |
||
| 300 | _a334+p. | ||
| 440 | _aCensus of India 1971. Series-19, Tamil Nadu. Part V-A | ||
| 999 |
_c485509 _d485509 |
||